1994 1303 1360 1396 1323 1412 1041 1795 1498 1401 1027 1877 1918 1765 1010 1968 1824 1153 1214 1031 1920 1495 1449 1222 1732 1949 1172 1202 1276 1533 1149 1291 1772 1155 1995 1522 1630 1876 1307 1025 1722 1799 1799 1984 1968 1363 1017 1088 1098 1775 1430 1007 1314 1138 1981 1661 1138 1597 1459 1012 1097 1544 1029 1905 1877 1220 1977 1367 1110 1912 1669 1794 1031 1745 1971 1918 1132 1183 1093 1289 1767 1276 1738 1032 1148 1939 1517 1625 1122 1038 1126 1161 1417 1419 1431 1480 1218 1940 1400 BCNSPRNW ULIB Ver.6.0+V

เปลี่ยนเป็นภาษาไทย

Change to English
 แสดงรายละเอียดบรรณานุกรม
  กลับหน้าหลัก

Brief Record : Get Marc (ISO 2709) : E-mail record : QR code < ปิดหน้าต่าง
LEADER : 00000nam 2200000uu 4500
001    13399111368
003     ULIB
008    110623s||||||||th 000 0 tha d
020    9789744018199
050  4 BJ1486^bด389ค 2553
100 0  ดาดา
245 10 ความสุขอยู่ใกล้...แค่ใจเรา/^cดาดา
250    พิมพ์ครั้งที่ 1
260    กรุงเทพฯ :^bโลกสวย,^c2553
300    181 หน้า
650  7 ความสุข
710 1  โลกสวย
945    ^p150^l0^i027971
995    ทศพร
999 ^a ใช้งานได้ทุกระบบ
รายการนี้ยังไม่มีแท็ก
คุณยังไม่ได้ล็อกอิน คุณสามารถมีกิจกรรมร่วมกับเว็บไซต์ได้ แต่ต้องล็อกอินก่อน ::
  ล็อกอิน

รายการสื่อสารสนเทศ

ลำดับที่ ประเภท เลขเรียก/บาร์โค้ด สถานที่ สถานะ
- ไม่พบข้อมูล -

รายการใกล้เคียง
    หัวเรื่อง [ความสุข]

BibComment


ยังไม่เคยถูกคอมเมนท์

คอมเมนท์ทรัพยากรรายการนี้
  คอมเมนท์: ความสุขอยู่ใกล้แค..


 Copyright 2026. Bcnsprnw @Library